La Vacunació antituberculosa de Calmette-Guerin BCG : III III
Publicado:
Barcelona :
Generalitat de Catalunya. Servei de Vacunació Antituberculosa de Calmette - Guerin: BCG (Adscrit al Servei d'Assistència Social dels Tuberculosos) ,
1936
Descripción Física:
23 p. : il., 2 f. de làm., col. ; 21 cm
Otros Autores:
Servei de Vacunació Antituberculosa de Calmette-Guerin B.C.G
Materias:
Vacunes antituberculoses
MARC
| LEADER | 00000nam a2200000Ia 4500 | ||
|---|---|---|---|
| 001 | 8252 | ||
| 008 | 160829s1936 xx 000 0 cat d | ||
| 080 | |a RF-6-7 | ||
| 245 | |a La Vacunació antituberculosa de Calmette-Guerin BCG : |b III | ||
| 260 | |a Barcelona : |b Generalitat de Catalunya. Servei de Vacunació Antituberculosa de Calmette - Guerin: |b BCG (Adscrit al Servei d'Assistència Social dels Tuberculosos), |c 1936 | ||
| 300 | |a 23 p. : |b il., 2 f. de làm., col. ; |c 21 cm | ||
| 590 | |a Text en català i castellà. | ||
| 650 | |a Vacunes antituberculoses |9 27730 | ||
| 700 | |a Servei de Vacunació Antituberculosa de Calmette-Guerin B.C.G. |9 34522 | ||
| 856 | 4 | |u https://media.diba.cat/diba/fitxers/arxiu/fulletons/bib_8252_1936_baixa.pdf |y Accés lliure | |
| 856 | 4 | |u https://media.diba.cat/diba/fitxers/arxiu/fulletons/bib_8252_1936_baixa.pdf |y Accés lliure | |
| 901 | |a Arxiu | ||
| 942 | |n 1 |2 udc | ||
| 952 | |0 0 |1 0 |4 0 |6 RF67 |7 1 |9 46549 |a Arxiu |b Arxiu |d 2016-12-01 |l 0 |o RF-6-7 |p 8252 |r 2016-12-01 00:00:00 |w 2016-12-01 |y ARXIU | ||
| 999 | |c 50341 |d 50341 | ||
| 900 | |a bib_8252_1936_baixa.pdf | ||